00635cam a22002171 4500001001300000003000400013005001700017008004100034010001700075035002000092040001800112042001200130050001900142082001000161100002900171245010000200260005200300300002700352650002100379999001700400ca 36001061 DLC20260227111142.0860517s1933 kyu 000 0 eng  aca 36001061  a(OCoLC)13583736 aDLCcKyUdDLC apremarc00aPN6120.C5bK46 a812.51 aKirby, Harriet Griswold.10aChristmas gift,ba play for small children in schools and Sunday schools,cby Harriet G. Kirby. aLouisville, Ky.,bJ.P. Morton & Company,c1933. a2 p. l., 12 p.c24 cm. 0aChristmas plays. c18185d18185